Normal view
MARC view
- Oja,Dan/PARSONS ,June Jmrich
Entry Personal Name
001 - CONTROL NUMBER
- control field: 1123
003 - CONTROL NUMBER IDENTIFIER
- control field: JO-AjAnu
005 - DATE AND TIME OF LATEST TRANSACTION
- control field: 20230606070504.0
008 - FIXED-LENGTH DATA ELEMENTS
- fixed length control field: 230606|| aca||aabn | a|a d
040 ## - CATALOGING SOURCE
- Original cataloging agency: JO-AjAnu
- Transcribing agency: JO-AjAnu
100 ## - HEADING--PERSONAL NAME
- Personal name: Oja,Dan/PARSONS ,June Jmrich
670 ## - SOURCE DATA FOUND
- Source citation: Work cat.: (JO-AjAnu)588: Oja,Dan/PARSONS ,June Jmrich , author, Computer concepts : introductory